Statistics for Poland 2018 FIFA World Cup Squad

Click here to take the quiz!

General Stats

  • This quiz has been taken 1,166 times
    (1,107 since last reset)
  • The average score is 17 of 24

Answer Stats

PositionPlayerClub% Correct
FWRobert LewandowskiBayern Munich
99%
GKWojciech SzczęsnyJuventus
94%
FWArkadiusz MilikNapoli
93%
GKŁukasz FabiańskiSwansea City
93%
MFPiotr ZielińskiNapoli
89%
DFŁukasz PiszczekBorussia Dortmund
86%
MFGrzegorz KrychowiakWest Bromwich Albion
83%
MFKamil GrosickiHull City
82%
DFJan BednarekSouthampton
80%
MFJakub BłaszczykowskiVfL Wolfsburg
78%
DFMichał PazdanLegia Warsaw
73%
CoachAdam Nawałka/
68%
MFMaciej RybusLokomotiv Moscow
68%
MFKarol LinettySampdoria
67%
DFArtur JędrzejczykLegia Warsaw
65%
FWŁukasz TeodorczykAnderlecht
65%
DFThiago CionekSPAL
65%
DFBartosz BereszyńskiSampdoria
64%
FWDawid KownackiSampdoria
57%
GKBartosz BiałkowskiIpswich Town
52%
DFMarcin KaminskiStuttgart
52%
MFJacek GóralskiLudogorets Razgrad
51%
MFSławomir PeszkoLechia Gdańsk
50%
MFRafał KurzawaGórnik Zabrze
41%

Score Distribution

Percentile by Number Answered

Percent of People with Each Score

Your Score History

You have not taken this quiz since the last reset